Alle Flaggen die Tiere beinhalten | Deutsch - Statistiken

Allgemein
  • Dieses Quiz wurde 219 mal gespielt
  • Das Durchschnittsergebnis liegt bei 17 aus 21
Antwortstatistiken
Bildquiz Antwort % Korrekt
Albanien
99%
Ägypten
95%
Mexiko
94%
Spanien
93%
Andorra
89%
Kasachstan
87%
Bhutan
86%
Ecuador
85%
Serbien
83%
Sri Lanka
83%
Montenegro
82%
Moldawien
79%
Fidschi
77%
Uganda
77%
Guatemala
69%
Kiribati
68%
Papua-Neuguinea
68%
Sambia
64%
Belize
63%
Dominica
63%
Simbabwe
59%
Keine übereinstimmenden Quizze gefunden
Verteilung der Resultate
Anzahl Personen mit jedem Resultat
Perzentil nach korrekt beantworteten Fragen
Ihre Resultats-Entwicklung
Sie haben dieses Quiz noch nicht gespielt